000 00625cam a22002051 4500
001 sa 67001990
003 DLC
005 20260227112327.0
008 900301s1965 ii 000 0 eng
010 _asa 67001990
035 _a(OCoLC)21142287
040 _aDLC
_cViU
_dViU
_dDLC
042 _apremarc
050 0 0 _aLAW <India Mysore 8 Tax>
110 1 _aMysore (India).
_bCommercial Taxes Department.
245 1 4 _aThe Mysore sales tax manual.
260 _aBangalore :
_bDirector of Print., Stationery and Publications at the Govt. Press,
_c1965.
300 _a223 p. ;
_c21 cm.
650 0 _aSales tax
_zIndia
_zMysore.
999 _c72982
_d72982